Statistics for Knives out cast

Click here to take the quiz!

General Stats

  • This quiz has been taken 9 times
  • The average score is 5 of 15

Answer Stats

HintAnswer% Correct
Ransom DrysdaleChris Evans
100%
Marta CabreraAna de Armas
89%
Benoit BlancDaniel Craig
78%
Linda DrysdaleJamie Lee Curtis
56%
Joni ThrombeyToni Collette
44%
Walt ThrombeyMichael Shannon
33%
Harlan ThrombeyChristopher Plummer
22%
Richard DrysdaleDon Johnson
11%
FranEdi Patterson
11%
Jacob ThrombeyJaeden Martell
11%
Detective HardrockJoseph Gordon-Levitt
11%
Meg ThrombeyKatherine Langford
11%
Mrs CabreraMarlene Forte
0%
Trooper WagnerNoah Segan
0%
Alice CabreraShyrley Rodriguez
0%

Score Distribution

Percentile by Number Answered

Percent of People with Each Score

Your Score History

You have not taken this quiz